000 00813nas a2200277 4500
001 BR9802262
003 BR-BrBNA
005 20231205101023.0
007 ta
008 230509b bl.|||p| |||| 00| 00por d
040 _aBR-BrBNA
_bpor
_cBiblioteca Nacional de Agricultura
041 _a(Pt)
072 _aN20; H20
100 1 _aGhini, R.
100 1 _aInomoto, M.M.
100 1 _aSaito, E.S.
245 1 _aColetor solar no controle de Meloidogyne arenaria em substratos para a producao de mudas
650 _aMuda
650 _aMeloidoginose
650 _aColetor Solar
650 _aSolo
650 _aControle Fisico
773 0 _tFitopatologia Brasileira (Brazil)
_xISSN 0100-4158
_g(Mar 1998), v. 23(1) p. 65-67
_wBR9802262
909 _a202311
_bLúcia
_c55
_dLúcia Elande
942 _2AGRIS
_n0
_cANA
999 _c159321
_d159321